emoji nourriture quizz ! - Statistiques

Statistiques générales
  • Ce quiz a été pris 941 fois
  • Le résultat moyen est 69 sur 108
Statistiques - réponses
emoji fruit % Correct
🍌 Banane
99%
🍋 Citron
99%
🍊 Orange
99%
🍐 Poire
99%
🍎 Pomme
99%
🍒 Cerise
98%
🍓 Fraise
98%
🍉 Pastèque
98%
🍍 Ananas
97%
🥝 Kiwi
97%
🍑 Pêche
97%
🥥 Noix de coco
96%
🌶️ Piment
96%
🍇 Raisin
96%
🍄 Champignon
95%
🥕 Carotte
94%
🍕 Pizza
94%
🥑 Avocat
93%
🥦 Brocoli
93%
🌽 Maïs
93%
🥔 Pomme de terre
93%
🥗 Salade
93%
🧄 Ail
92%
🧅 Oignon
92%
🍅 Tomate
92%
🌭 Hot-Dog
91%
🍆 Aubergine
90%
🌮 Taco
89%
🍟 Frites
87%
🥒 Concombre
85%
🥭 Mangue
85%
🥪 Sandwich
85%
🍔 Burger
84%
🍣 Sushi
84%
🍚 Bol de riz
83%
🫑 Poivron
83%
🥛 Lait
81%
🦀 Crabe
80%
🍈 Melon
80%
🐟 Poisson
80%
🫒 Olive
76%
🫐 Myrtille
75%
🦪 Huitre
74%
🥓 Bacon
73%
🍠 Patate douce
73%
🫚 Gingembre
69%
🍤 Crevette tempura
66%
🥐 Croissant
66%
🍰 Gâteau
66%
🥖 Baguette
65%
Café
65%
🧃 Jus
65%
🐙 Poulpe
65%
🍷 Vin
65%
🍦 Glace
64%
🍞 Pain de mie
64%
🧂 Sel
63%
🍭 Sucette
63%
🍺 Bière
62%
🍬 Bonbon
62%
🍫 Chocolat
62%
🍪 Cookie
62%
🍩 Donut
62%
🧀 Fromage
62%
🥞 Pancake
62%
🧈 Beurre
61%
🍗 Cuisse de poulet
61%
🍝 Spaghettis
61%
🦞 Homard
60%
🦑 Calamar
59%
🍮 Flan
59%
🍳 Oeuf au plat
59%
🥨 Bretzel
58%
🍯 Miel
58%
🫛 Petit pois
58%
🧇 Gaufre
56%
🧊 Glaçon
56%
🍵 Thé
56%
🌯 Burrito
54%
🧁 Cupcake
54%
🥜 Cacahuète
53%
🍜 Bol de nouilles
51%
🧋 Bubble tea
49%
🥬 Laitue
49%
🥧 Tarte
48%
🥙 Kebab
47%
🫕 Fondue
46%
🥤 Soda
45%
🥩 Steak
43%
🥯 Bagel
41%
🥣 Bol de céréales
40%
🌰 Châtaigne
36%
🍙 Boulette de riz
33%
🥫 Conserve
17%
🍱 Bento
16%
🫓 Galette
16%
🍧 Granité
15%
🥟 dumplings
14%
🧉 Maté
14%
🥘 Ragoût
14%
🧆 Falafels
12%
🥠 Biscuit chinois
10%
🍡 Dango
6%
🍲 Pot au feu
6%
🥮 Gâteau de lune
5%
🍖 Gigot
5%
🍛 Riz au curry
3%
🍥 Kamaboko
0%
Aucun quiz correspondant
Distribution des résultats
% des personnes avec chaque résultat
Percentile par nombre de réponses
Votre historique - résultats
Vous n’avez pas pris ce quiz